00436 2200157 4500001002100000005001500021035002000036007000300056008004100059082000800100084001200108245006200120260005100182300001900233700002600252INLIS00000000000282720260330025737 a0010-0326000021ta260330 b 0 ind  a813 a813 PET aPetualangan Bersejarah di Kota Tua /cNajwa Indah Pratiwi aJakarta :bPerpustakaan Asik SDN Rawa Buaya 07 a10 hlm :bilus0 aHarun Al Rasyid, S.Pd